Sports Quiz

Random Sports or Football Quiz

Belgian Jupiler pro league winners XI (Belgium) Quiz Stats

 Plays Quiz not verified by Sporcle

Score 0/187 Timer 16:00
1 Play Today
% Correct
Silvio Proto
90%
Silvio Proto
90%
Silvio Proto
90%
Silvio Proto
90%
Silvio Proto
88.7%
Thibaut Courtois
86.4%
Axel Witsel
85.4%
Axel Witsel
85.4%
Jelle Vossen
85%
Olivier Deschacht
85%
Moses Simon
84.6%
Olivier Deschacht
84.5%
Ruud Vormer
83.4%
Dieumerci Mbokani
82.8%
Dieumerci Mbokani
82.8%
Dieumerci Mbokani
82.8%
Steven Defour
82.7%
Steven Defour
82.7%
Dieumerci Mbokani
82.6%
Marouane Fellaini
82.6%
Olivier Deschacht
82.5%
Milan Jovanovic
80.9%
Milan Jovanovic
80.9%
Milan Jovanovic
80.9%
Matz Sels
80.7%
Milan Jovanovic
80.2%
Timmy Simons
79.8%
Sven Kums
79.3%
Timmy Simons
78.7%
Timmy Simons
78.7%
Kevin De Bruyne
78.5%
Wesley Sonck
78.4%
Olivier Deschacht
78.1%
Björn Engels
77.8%
Aleksandar Mitrović
77.5%
Laurent Depoitre
76.3%
Hans Vanaken
75.4%
Ludovic Butelle
73.8%
Stefano Denswil
72.5%
Filip De Wilde
72.4%
Filip De Wilde
72.4%
Sinan Bolat
71.2%
Dennis Praet
71.1%
Abdoulay Diaby
70.7%
Laurens De Bock
70.7%
Jan Koller
70.7%
Jan Koller
70.7%
Youri Tielemans
70.3%
Daniel Zitka
70%
Olivier Deschacht
70%
Daniel Zitka
70%
Olivier Deschacht
70%
Tomaz Radzinski
70%
Tomaz Radzinski
70%
Gert Verheyen
69.3%
Gert Verheyen
69.3%
Anthony Vanden Borre
69.2%
Anthony Vanden Borre
69.2%
Anthony Vanden Borre
69.1%
Lucas Biglia
68.3%
Lucas Biglia
68.3%
Lucas Biglia
68.3%
Dennis Praet
68.2%
% Correct
Thomas Meunier
67%
Lucas Biglia
66.5%
Danny verlinden
66.3%
Vincent Kompany
66.1%
Romelu Lukaku
65.4%
Bart Goor
65.1%
Bart Goor
65.1%
Bart Goor
65.1%
Bart Goor
65.1%
José Izquierdo
65%
Cheikhou Kouyaté
63%
Cheikhou Kouyaté
63%
Nana Asare
62.4%
Guillaume Gillet
62%
Guillaume Gillet
62%
Cheikhou Kouyaté
61.8%
Bram Nuytinck
61.6%
Oguchi Onyewu
61.6%
Oguchi Onyewu
61.6%
Guillaume Gillet
61.5%
Mbark Boussoufa
61.1%
Mbark Boussoufa
61.1%
Glen De Boeck
61.1%
Glen De Boeck
61.1%
Renato Neto
60.9%
Tomislav Butina
60.7%
Pär Zetterberg
60.3%
Pär Zetterberg
60.3%
Rorys Andrés Aragón Espinoza
60.1%
Yves Vanderhaeghe
59.6%
Matías Suarez
59.5%
Lior Refaelov
59.4%
Roland Juhasz
59%
Roland Juhasz
59%
Roland Juhasz
59%
Igor de Camargo
58.9%
Igor de Camargo
58.9%
Brecht Dejaegere
58.3%
Bonfim Dante
58.1%
Moumouni Dagano
57.6%
Phillippe Clement
57.3%
Phillippe Clement
57.3%
Jelle Van Damme
56.9%
Thomas Foket
56.9%
Massimo Bruno
56.8%
Cheikhou Kouyaté
56.1%
Danijel Miličević
56%
Guillaume Gillet
55.8%
Jan Moons
55.7%
Aruna Dindane
55.4%
Chancel Mbemba
55.4%
Nicolas Frutos
54.8%
Marcin Wasilewski
54.4%
Marvin Ogunjimi
54.3%
Bertrand Crasson
54.3%
Bertrand Crasson
54.3%
Olivier De Cock
54.2%
Rune Lange
53.9%
Walter Baseggio
53.7%
Walter Baseggio
53.7%
Walter Baseggio
53.7%
Peter Van Der Heyden
53.6%
Peter Van Der Heyden
53.6%
% Correct
Nastajah Ceh
52.6%
Nastajah Ceh
52.6%
Bosko Balaban
52.4%
Lorenzo Staelens
52.4%
Mbo Mpenza
52.3%
Marcos Camozzato
52.1%
Marcos Camozzato
52.1%
Mohamed Sarr
51.6%
Mohamed Sarr
51.6%
Michał Zewlakow
51.3%
Michał Zewlakow
51.3%
Sacha Kljestan
51.2%
Massimo Bruno
50.5%
Jelle Van Damme
50%
Gaëtan Englebert
50%
Gaëtan Englebert
50%
Sacha Kljestan
50%
Pär Zetterberg
49.7%
Hannu Tihinen
48.8%
Hannu Tihinen
48.8%
Behrang Safari
47.9%
Alin Stoica
47.7%
Didier Dheedene
47.6%
Didier Dheedene
47.6%
Birger Maertens
47.5%
Birger Maertens
47.5%
Benito Raman
47%
Andres Mendoza
46.7%
Andy Najar
46.6%
Anele Ngcongca
44.8%
Josib Skoko
44.8%
Mohamed 'Meme' Tchité
44.4%
Ahmed Hassan
44.2%
Wilfried Dalmat
44%
David Hubert
43.4%
Bernd Thijs
42.8%
Christian Wilhelmsson
42.7%
Christian Wilhelmsson
42.7%
Rami Gershon
41.1%
Nicolas Pareja
40.6%
Besnik Hasi
39.9%
Dániel Töszér
38.9%
Koen Daerden
37.6%
Enzo Scifo
37.6%
Chris Mavinga
37.5%
Mark Deman
37.5%
Eric Matoukou
36.5%
Serhat Akin
35.5%
Ondřej Mazuch
35.1%
Sandy Martens
35.1%
Jonathan Legear
33.8%
Torben Joneleit
33.3%
David Rozehnal
31.8%
Landry Mulemo
31.5%
Olivier Doll
31.4%
Didier Zokora
31%
Thomas chatelle
29.7%
Mirsad Beslija
29.6%
Marc Hendrikx
26.9%
Akram Roumani
24.2%
Justice Wamfor
20%

You're not logged in!

Compare scores with friends on all Sporcle quizzes.
OR
Log In

You Might Also Like...

Show Comments

Extras

Top Quizzes Today


Score Distribution

Your Account Isn't Verified!

In order to create a playlist on Sporcle, you need to verify the email address you used during registration. Go to your Sporcle Settings to finish the process.

Report this User

Report this user for behavior that violates our Community Guidelines.

Details: